000
00314nam a22001337a 4500
020
_a
817826326-2
082
_a
823
_b
ROH/B
100
_a
ROHAN BOOK COMPANY
245
_a
THE BREMEN TOWN MUSICIANS
260
_a
DELHI
_b
ROHAN BOOK COMPANY
_c
2003
300
_a
215
650
_a
MODERN ILLUSTRATED CLASSICS
942
_c
BK
999
_c
328
_d
328